An Introduction to Malaysian law

Bibliographic Details
Main Author: Abdul Monir Yaacob
Format: Book
Published: Bangi : Penerbit UKM , 1989
Subjects:

MARC

LEADER 00000cam a2200000 7i4500
001 0000004600
002 000004960
005 20080111.0
020 |a 9679421201 
090 0 0 |a 342.595   |b ABD 
100 0 |a Abdul Monir Yaacob 
245 1 0 |a An Introduction to Malaysian law   |c Abdul Monir b.Yaacob 
260 |a Bangi :   |b Penerbit UKM ,   |c 1989 
300 |a 231p. ;   |c 23cm. 
650 0 0 |a Adat law   |z Malaysia 
650 0 0 |a Law   |z Malaysia   |x Sources 
999 |a 034699   |b BUKU   |c MALAYSIANA   |e PERPUSTAKAAN KOMUNITI PETALING JAYA 
999 |a 034700   |b BUKU   |c PINJAMAN   |e PERPUSTAKAAN KOMUNITI PETALING JAYA